Welcome to the Holygrace Academy Library

Please use search bar below to get started

SUNDER PICHAI GOOGILINTE BHAVI SWAPNAM (Record no. 8763)

MARC details
000 -LEADER
fixed length control field 00406nam a22001337a 4500
082 ## - DEWEY DECIMAL CLASSIFICATION NUMBER
Classification number 894.812
Item number BHA/S
100 ## - MAIN ENTRY--AUTHOR NAME
Personal name BHANVER, S JAYAMOHAN; SHEEN AUGUSTINE(TRA)
245 ## - TITLE STATEMENT
Title SUNDER PICHAI GOOGILINTE BHAVI SWAPNAM
246 ## - VARYING FORM OF TITLE
Title proper/short title SUNDER PICHAI GOOGILINTE BHAVI SWAPNAM
Remainder of title SUNDER PICHAI GOOGILINTE BHAVI SWAPNAM
260 ## - PUBLICATION, DISTRIBUTION, ETC. (IMPRINT)
Place of publication INDIA
Name of publisher RED ROSE
Year of publication 2018
300 ## - PHYSICAL DESCRIPTION
Number of Pages 128
650 ## - SUBJECT ADDED ENTRY--TOPICAL TERM
Topical Term MALAYALAM BIOGRAPHY
942 ## - ADDED ENTRY ELEMENTS (KOHA)
Koha item type Books
Holdings
Withdrawn status Lost status Collection code Home library Current library Shelving location Date acquired Source of acquisition Cost, normal purchase price Full call number Accession Number Koha item type
    Non-fiction Main Library Main Library NEW SHELF WITH NEW ENTRY 26/10/2023 PURCHASED 80.00 894.812 BHA/S 13175 Books